Normal view
MARC view
Entry Personal Name
001 - CONTROL NUMBER
- control field: 83495
003 - CONTROL NUMBER IDENTIFIER
- control field: dpl
005 - DATE AND TIME OF LATEST TRANSACTION
- control field: 20250730113846.0
008 - FIXED-LENGTH DATA ELEMENTS
- fixed length control field: 250730|| aca||aabn | a|a d
040 ## - CATALOGING SOURCE
- Original cataloging agency: dpl
- Transcribing agency: dpl
100 ## - HEADING--PERSONAL NAME
- Personal name: Gupta, Sonali
670 ## - SOURCE DATA FOUND
- Source citation: Work cat.: (dpl)209367: Gupta, Sonali, You Will Be All Right: A Guide to Navigating Grief / , 2024
